| 000 | 00402cam a2200145ua 4500 | ||
|---|---|---|---|
| 003 | OSt | ||
| 008 | 220629b |||||||| |||| 00| 0 eng d | ||
| 041 | _aeng | ||
| 082 |
_a630.301 _bIND/IN |
||
| 245 | _aIndian journal of agricultural economics 1940-1964: Selected readings / | ||
| 250 | _a1 / | ||
| 260 |
_aMumbai : _bIndian Society of Agricultural Economics , _c1965. |
||
| 300 | _a ; . | ||
| 942 | _cBK | ||
| 999 |
_c5445 _d5445 |
||